Biggest Cities by Mexican State - Extreme - Statistics

General Stats
  • This quiz has been taken 16 times
  • The average score is 65 of 124
Answer Stats
State Population Answer % Correct
Aguascalientes 863,893 Aguascalientes
100%
Chihuahua 925,762 Chihuahua
100%
Chihuahua 1,501,551 Ciudad {Juárez}
100%
Jalisco 1,385,621 Guadalajara
100%
Guanajuato 1,579,803 {León} de los Aldama
100%
Yucatán 921,771 Mérida
100%
Campeche 249,623 San Francisco de {Campeche}
100%
Querétaro 794,789 Santiago de {Querétaro}
100%
Baja California 1,810,645 Tijuana
100%
Guerrero 658,609 {Acapulco} de Juárez
92%
Baja California Sur 202,694 Cabo San Lucas
92%
Quintana Roo 888,797 Cancún
92%
Campeche 191,238 Ciudad del {Carmen}
92%
Colima 146,965 Colima
92%
México 1,643,623 {Ecatepec} de Morelos
92%
Puebla 1,542,232 Heróica {Puebla} de Zaragoza
92%
Baja California 854,186 Mexicali
92%
Nuevo León 1,142,952 Monterrey
92%
Tamaulipas 416,055 Nuevo Laredo
92%
Oaxaca 258,913 {Oaxaca} de Juárez
92%
Quintana Roo 304,942 Playa del {Carmen}
92%
Coahuila 864,431 Saltillo
92%
Baja California Sur 136,285 San José del Cabo
92%
San Luis Potosí 845,941 San Luis Potosí
92%
Chiapas 578,830 Tuxtla Gutiérrez
92%
Veracruz 537,693 Veracruz
92%
Durango 616,068 Victoria de {Durango}
92%
Zacatecas 138,444 Zacatecas
92%
Sinaloa 808,416 {Culiacán} Rosales
85%
Baja California 330,652 Ensenada
85%
Sonora 855,563 Hermosillo
85%
Tamaulipas 510,739 Heroica {Matamoros}
85%
Baja California Sur 250,141 La Paz
85%
Colima 159,853 Manzanillo
85%
Sinaloa 441,975 Mazatlán
85%
Tamaulipas 691,557 Reynosa
85%
Nayarit 371,387 Tepic
85%
Coahuila 690,193 Torreón
85%
Jalisco 1,257,547 Zapopan
85%
Quintana Roo 169,028 Chetumal
77%
Guerrero 225,728 {Chilpancingo} de los Bravo
77%
Sonora 329,404 Ciudad {Obregón}
77%
Tamaulipas 332,100 Ciudad {Victoria}
77%
Nuevo León 635,862 Guadalupe
77%
Zacatecas 170,029 Guadalupe
77%
Michoacán 743,275 Morelia
77%
Hidalgo 297,848 {Pachuca} de Soto
77%
Tabasco 340,060 Villahermosa
77%
Nuevo León 536,436 Ciudad {Apodaca}
69%
Morelos 341,029 Cuernavaca
69%
Guanajuato 452,090 Irapuato
69%
Coahuila 237,169 Monclova
69%
Coahuila 173,959 Piedras Negras
69%
Chiapas 183,509 {San Cristóbal} de las Casas
69%
Yucatán 56,494 Valladolid
69%
Veracruz 443,063 Xalapa-Enríquez
69%
México 1,072,676 Ciudad {Nezahualcóyotl}
62%
Quintana Roo 84,519 Cozumel
62%
Guanajuato 160,682 Salamanca
62%
Jalisco 650,123 Tlaquepaque
62%
Michoacán 299,523 {Uruapan} del Progreso
62%
Nuevo León 454,967 Ciudad {General Escobedo}
54%
Zacatecas 143,281 Fresnillo
54%
Sonora 261,137 Heroica {Nogales}
54%
Sinaloa 298,009 Los Mochis
54%
Oaxaca 103,609 San Juan Bautista Tuxtepec
54%
Chiapas 217,550 {Tapachula} de Córdova y Ordóñez
54%
Michoacán 154,546 Zamora de Hidalgo
54%
Guanajuato 378,143 Celaya
46%
México 703,215 Chimalhuacán
46%
Puebla 102,260 Cholula de Rivadavia
46%
Veracruz 212,540 Coatzacoalcos
46%
Durango 301,742 Gómez Palacio
46%
Veracruz 180,057 Poza Rica de Hidalgo
46%
Jalisco 442,440 Tonalá
46%
Morelos 157,336 {Cuautla} de Morelos
38%
Chihuahua 128,548 Delicias
38%
México 911,168 {Naucalpan} de Juárez
38%
Tlaxcala 70,224 San Pablo del Monte
38%
Puebla 293,825 Tehuacán
38%
Guerrero 132,854 {Iguala} de la Independencia
31%
Yucatán 139,753 Kanasín
31%
Baja California 100,660 Playa de {Rosarito}
31%
Querétaro 177,719 San Juan del Río
31%
Sonora 176,685 San Luis Río Colorado
31%
Colima 147,496 Villa de Álvarez
31%
Guerrero 70,760 Zihuatanejo
31%
San Luis Potosí 136,351 Ciudad {Valles}
23%
Chiapas 113,479 {Comitán} de Domínguez
23%
Chihuahua 135,586 Cuauhtémoc
23%
Morelos 174,629 Jiutepec
23%
Oaxaca 81,848 Santa Cruz Xoxocotlán
23%
Nayarit 48,170 Xalisco
23%
Tlaxcala 59,871 Huamantla
15%
San Luis Potosí 86,686 Matehuala
15%
San Luis Potosí 310,192 Soledad de Graciano Sánchez
15%
Michoacán 102,362 {Apatzingán} de la Constitución
8%
Tabasco 80,454 Cárdenas
8%
Tlaxcala 47,632 Ciudad de {Apizaco}
8%
Durango 96,243 Ciudad {Lerdo}
8%
Campeche 31,375 Escárcega
8%
Sinaloa 77,849 Guasave
8%
Zacatecas 46,132 {Jerez} de García Salinas
8%
Aguascalientes 63,805 Jesús María
8%
Querétaro 39,244 Juriquilla
8%
Aguascalientes 31,963 Rincón de Romos
8%
Tlaxcala 53,373 Santa Ana {Chiautempan}
8%
Colima 88,337 Tecomán
8%
Hidalgo 106,163 {Tulancingo} de Bravo
8%
Campeche 35,799 Champotón
0%
Baja California Sur 43,805 Ciudad Constitución
0%
Tabasco 43,035 Comalcalco
0%
Querétaro 115,264 El Pueblito
0%
Oaxaca 88,280 Heroica Ciudad de {Juchitán} de Zaragoza
0%
Hidalgo 44,311 {Huejutla} de Reyes
0%
Aguascalientes 32,035 Pabellón de Arteaga
0%
Puebla 99,736 San Bernardino Tlaxcalancingo
0%
Nayarit 35,486 San José del Valle
0%
Durango 30,063 Santiago Papasquiaro
0%
Nayarit 38,666 San Vincente
0%
Morelos 104,461 Temixco
0%
Tabasco 34,946 Tenosique de Pino Suárez
0%
Hidalgo 60,265 Tizayuca
0%
Yucatán 56,409 Umán
0%
No matching quizzes found
Score Distribution
Percent of People with Each Score
Percentile by Number Answered
Your Score History
You have not taken this quiz